Socks / (Record no. 2654)

MARC details
000 -LEADER
fixed length control field 00872cam a2200277 4500
005 - DATE AND TIME OF LATEST TRANSACTION
control field 20240108161103.0
020 ## - INTERNATIONAL STANDARD BOOK NUMBER
International Standard Book Number 0688200672
-- 0688300677 (lib. bdg.)
020 ## - INTERNATIONAL STANDARD BOOK NUMBER
International Standard Book Number FISBK00235
040 ## - CATALOGING SOURCE
Original cataloging agency DLC
Transcribing agency DLC
Modifying agency DLC
Language of cataloging eng
050 00 - LIBRARY OF CONGRESS CALL NUMBER
Classification number PZ7.C5792
Item number So
082 00 - DEWEY DECIMAL CLASSIFICATION NUMBER
Classification number 813
100 1# - MAIN ENTRY--PERSONAL NAME
Personal name Cleary, Beverly
245 10 - TITLE STATEMENT
Title Socks /
Statement of responsibility, etc. Beverly Cleary ; illustrated by Alan Tiegreen
250 ## - EDITION STATEMENT
Edition statement First Scholastic printing, September 2001
260 ## - PUBLICATION, DISTRIBUTION, ETC.
Place of publication, distribution, etc. New York :
Name of publisher, distributor, etc. Scholastic,
Date of publication, distribution, etc. 1973
300 ## - PHYSICAL DESCRIPTION
Extent 156 pages :
Other physical details illustrations ;
Dimensions 20cm
505 ## - FORMATTED CONTENTS NOTE
Formatted contents note Z
520 ## - SUMMARY, ETC.
Summary, etc. The happy home life of Socks, the cat, is disrupted by the addition of a new baby to the household.
521 ## - TARGET AUDIENCE NOTE
Target audience note 890
Source Lexile
521 ## - TARGET AUDIENCE NOTE
Target audience note Z
Source Raz-Plus
650 #1 - SUBJECT ADDED ENTRY--TOPICAL TERM
Topical term or geographic name entry element Cats
General subdivision Fiction.
700 1# - ADDED ENTRY--PERSONAL NAME
Personal name Tiegreen, Alan
Relator term illustrator
906 ## - LOCAL DATA ELEMENT F, LDF (RLIN)
a 7
b cbc
c orignew
d 1
e ocip
f 19
g y-gencatlg
942 ## - ADDED ENTRY ELEMENTS (KOHA)
Source of classification or shelving scheme Dewey Decimal Classification
Koha item type Books
Suppress in OPAC No
999 ## -
-- 2654
-- 2654
Holdings
Withdrawn status Lost status Source of classification or shelving scheme Damaged status Not for loan Collection Home library Current library Shelving location Date acquired Total Checkouts Full call number Barcode Date last seen Date last checked out Price effective from Koha item type
    Dewey Decimal Classification     Juvenile Fiction Footprints International School Library Network Toul Kork Campus Footprints International School Library Network Toul Kork Campus   01/08/2024 1 CLE 813 PZ7.C5792 FISBK00235 09/20/2024 01/11/2024 01/08/2024 Books